Statistiken für Älteste Spieler von Borussia Dortmund in der Bundesliga (seit 2000)

Klicken Sie hier um das Quiz zu spielen!

Allgemein

  • Dieses Quiz wurde 73 mal gespielt
  • Das Durchschnittsergebnis liegt bei 18 aus 50

Antwortstatistiken

JahrAlterPosit.NationalitätSpieler% Korrekt
201837 JahreTWDeutschlandRoman Weidenfeller
98%
202334 JahreVERDeutschlandMats Hummels
91%
202334 JahreMF/STDeutschlandMarco Reus
87%
202231 JahreTWSchweizRoman Bürki
74%
200633 JahreSTTschechienJan Koller
69%
202135 JahreVERPolenLukasz Piszczek
69%
201133 JahreVERBrasilienDedê
67%
202234 JahreTWSchweizMarwin Hitz
67%
202032 JahreVERDeutschlandMarcel Schmelzer
65%
202330 JahreMFBelgienThorgan Hazard
63%
201535 JahreMFDeutschlandSebastian Kehl
61%
200836 JahreVERDeutschlandChristian Wörns
56%
202332 JahreVERBelgienThomas Meunier
56%
202335 JahreSTFrankreichAnthony Modeste
54%
202233 JahreMFBelgienAxel Witsel
54%
200236 JahreVERDeutschlandJürgen Kohler
54%
202332 JahreTWDeutschlandAlexander Meyer
50%
200333 JahreTWDeutschlandJens Lehmann
50%
201630 JahreSTKolumbienAdrián Ramos
46%
202330 JahreSTDeutschlandNiclas Füllkrug
43%
200730 JahreMF/STDeutschlandLars Ricken
41%
200834 JahreVERKroatienRobert Kovac
37%
200931 JahreMFBrasilienTinga
37%
200830 JahreMF/STSüdafrikaDelron Buckley
33%
200834 JahreSTArgentinienDiego Klimowicz
30%
201232 JahreVERDeutschlandPatrick Owomoyela
30%
200437 JahreVERDeutschlandStefan Reuter
30%
200036 JahreTWDeutschlandWolfgang de Beer
30%
201233 JahreMFBrasilienAntônio da Silva
24%
200032 JahreMFDeutschlandAndreas Möller
22%
200035 JahreVERÖsterreichWolfgang Feiersinger
22%
200931 JahreVERSüdkoreaYoung-pyo Lee
20%
200129 JahreSTDeutschlandFredi Bobic
17%
200434 JahreTWFrankreichGuillaume Warmuz
17%
200331 JahreSTDeutschlandHeiko Herrlich
17%
200333 JahreVER/MFDeutschlandJörg Heinrich
17%
201532 JahreMFDeutschlandOliver Kirch
17%
200430 JahreMFNigeriaSunday Oliseh
17%
201434 JahreVERDeutschlandManuel Friedrich
15%
201033 JahreTWDeutschlandMarc Ziegler
15%
200135 JahreVERNiederlandeAlfred Nijhuis
13%
201830 JahreMFDeutschlandGonzalo Castro
13%
200232 JahreMFSerbienMiroslav Stevic
13%
200533 JahreVERNorwegenAndré Bergdölmo
11%
200530 JahreVERDänemarkNiclas Jensen
11%
200630 JahreTWNiederlandeDennis Gentenaar
7%
200331 JahreMF/STDeutschlandGiuseppe Reina
7%
200230 JahreMFNorwegenJan Derek Sørensen
7%
200837 JahreTWDeutschlandAlexander Bade
4%
200030 JahreVERDeutschlandKarsten Baumann
2%

Verteilung der Resultate

Perzentil nach korrekt beantworteten Fragen

Anzahl Personen mit jedem Resultat

Ihre Resultats-Entwicklung

Sie haben dieses Quiz noch nicht gespielt